000 00673nam a2200193 i 4500
001 185638
003 ES-MaACL
005 20250730063158.0
008 160729s1911 fr |||| | fre d
100 1 _aCunéo, Bernard,
_d1873-1944
_942167
245 1 0 _aMaladies des nerfs /
_cpar Bernard Cunéo.
260 _aParis :
_bJ. B. Baillière,
_c1911.
300 _a174 p. :
_bil. ;
_c24 cm.
490 1 _aNouveau traité de chirurgie clinique et opératoire ;
_v10
650 0 4 _aSistema nervioso-
_xEnfermedades.
_917135
830 0 _aNouveau traité de chirurgie clinique et opératoire ;
_v10
_9192361
852 _aES-MaACL
_jB-13551
999 _c185638
_d185638